| 000 | 00620nam a2200193 4500 | ||
|---|---|---|---|
| 001 | 111896 | ||
| 003 | ES-MaACL | ||
| 007 | t| | ||
| 008 | 061121s1954 sp r ||||1| spa d | ||
| 100 | 1 |
_aNewcombe, H. S. _985480 |
|
| 245 | 1 | 3 |
_aLa técnica de 35 mm _b: la práctica con las cámaras miniatura / _cH. S. Newcombe; traducción por Roberto Kallmeyer. |
| 260 |
_aBarcelona : _bOmega, _c1954. |
||
| 300 |
_a279 p., 22 lám. : _bil. ; _c21 cm. |
||
| 490 | 1 | _aFoto biblioteca | |
| 700 | 1 |
_aKallmeyer, Roberto. _967456 |
|
| 830 | 0 |
_aFoto biblioteca _9181378 |
|
| 852 |
_aES-MaACL _jC-9255 _bR.36889 |
||
| 999 |
_c111896 _d111896 |
||